Aktivity novej kompostárne v Michalovciach

Činnosť strediska kompostáreň TaZS mesta Michalovce za rok 2016 z hľadiska jeho produkčných parametrov.

Guardado en:
Detalles Bibliográficos
Autor principal: Stričík, Michal, 1969-
Formato: Capítulo de libro
Lenguaje:eslovaco
Materias:
Etiquetas: Agregar Etiqueta
Sin Etiquetas, Sea el primero en etiquetar este registro!

MARC

LEADER 00000naa a2200000 4500
001 0240747
005 20240502073922.5
041 0 |a slo 
044 |a SK 
245 1 0 |a Aktivity novej kompostárne v Michalovciach  |c Michal Stričík 
520 |a Činnosť strediska kompostáreň TaZS mesta Michalovce za rok 2016 z hľadiska jeho produkčných parametrov. 
610 2 0 |a odpisy 
610 2 0 |a hospodárstvo odpadové 
610 2 0 |a ochrana prostredia životného 
610 2 0 |a ochrana pôdy 
100 1 |a Stričík, Michal, 1969-